| 000 | 00424cam a2200157ua 4500 | ||
|---|---|---|---|
| 003 | OSt | ||
| 008 | 250320b |||||||| |||| 00| 0 eng d | ||
| 041 | _aeng | ||
| 082 |
_a621.992 _bGRA/JI |
||
| 100 |
_aGrant, Hiram E . _97314 |
||
| 245 | _aJigs and fixtures: Non-standard clamping devices / | ||
| 250 | _a1 / | ||
| 260 |
_aNew Delhi : _bTata Mc-Graw Hill Publishing Company , _c1990. |
||
| 300 | _a1587 ; . | ||
| 942 | _cBK | ||
| 999 |
_c5271 _d5271 |
||